| 000 | 00489nam a2200157 4500 | ||
|---|---|---|---|
| 001 | 112137 | ||
| 003 | ES-MaACL | ||
| 005 | 20230906185443.0 | ||
| 007 | t| | ||
| 008 | 061121s1967 sp r ||||1| spa d | ||
| 100 | 1 |
_aNicolau Bauza, J. _985584 |
|
| 245 | 1 | 3 |
_aLa devoción a los SS. Corazones en el valle de Sóller (Mallorca) / _cJ. Nicolau Bauza, M. SS. CC. |
| 260 |
_aSóller : _b[s. n.], _c1967 ( _fImp. Marqués) |
||
| 300 |
_a78 p. ; _c19 cm. |
||
| 852 |
_aES-MaACL _jC-34164 _bR.65253 |
||
| 999 |
_c112137 _d112137 |
||